Psychological testing (Record no. 10974)

MARC details
000 -LEADER
fixed length control field 00519cam a2200205ua 4500
001 - CONTROL NUMBER
control field 12227
005 - DATE AND TIME OF LATEST TRANSACTION
control field 20260515114842.0
008 - FIXED-LENGTH DATA ELEMENTS--GENERAL INFORMATION
fixed length control field 200311n ii |||gr||||Z||||||eng
020 ## - INTERNATIONAL STANDARD BOOK NUMBER
International Standard Book Number 9789332575585
040 ## - CATALOGING SOURCE
Transcribing agency MAIN
082 ## - DEWEY DECIMAL CLASSIFICATION NUMBER
Classification number 150
100 ## - MAIN ENTRY--PERSONAL NAME
Personal name Anne Anastasi,
Relator term Author.
245 ## - TITLE STATEMENT
Title Psychological testing
Statement of responsibility, etc. By Anne Anastasi and Susana Urbina
250 ## - EDITION STATEMENT
Edition statement 3rd imp.
260 ## - PUBLICATION, DISTRIBUTION, ETC.
Place of publication, distribution, etc. Uttar Pradesh:
Name of publisher, distributor, etc. Pearson,
Date of publication, distribution, etc. 2018.
300 ## - PHYSICAL DESCRIPTION
Extent 628p.
653 ## - INDEX TERM--UNCONTROLLED
Uncontrolled term Psychology
700 ## - ADDED ENTRY--PERSONAL NAME
Personal name Susana Urbina,
Relator term Author.
942 ## - ADDED ENTRY ELEMENTS (KOHA)
Koha item type Books
Holdings
Withdrawn status Lost status Damaged status Not for loan Home library Current library Shelving location Date acquired Total checkouts Full call number Barcode Date last seen Copy number Price effective from Koha item type
        Naharkatiya College Library Naharkatiya College Library General stacks 09/19/2020   150Psychology | ANA 27493 09/19/2020 1 09/19/2020 Books
        Naharkatiya College Library Naharkatiya College Library General stacks 09/19/2020   150Psychology | ANA 27494 09/19/2020 2 09/19/2020 Books